000 00447nam a2200181Ia 4500
001 3018
005 20260306144849.0
008 260306t2012||||xx |||||||||||||| ||spa||
041 _aESP
082 _a241.676
_bR56 2012
100 _aRieval, Elredo de
_eAUT
245 0 _aLa amistad espiritual:
_boración pastoral
260 _c2012
300 _alxiii, 148 páginas :
_c21 cm.
650 _aGEN
654 _aCHU
942 _cLIB
_dJUS
_fJUS
_2ddc
_n
999 _c3018
_d3018